000
00298 a2200133 4500
001
155637
040
_c
Escola São Tomás de Aquino
100
_a
TOURLONIAS, Joelle
240
1
0
_a
Alô, mamãe!
_l
por
245
1
0
_a
Alô, mamãe!
440
1
_a
FTD
697
_a
*LITERATURA INFANTIL
942
_c
BK
999
_c
155637
_d
155637